Recognized Caribbean Nations - Statistics

General Stats
  • This quiz has been taken 17 times
  • The average score is 12 of 13
Answer Stats
Answer % Correct
Antigua and Barbuda
100%
Dominican Republic
100%
Jamaica
100%
St. Lucia
100%
Trinidad and Tobago
100%
Bahamas
93%
Barbados
93%
Cuba
93%
Dominica
93%
St. Kitts and Nevis
93%
St. Vincent and the Grenadines
93%
Haiti
87%
Grenada
80%
No matching quizzes found
Score Distribution
Percent of People with Each Score
Percentile by Number Answered
Your Score History
You have not taken this quiz